Statistics for Inter Milan Player 2020/2021

Click here to take the quiz!

General Stats

  • This quiz has been taken 11 times
  • The average score is 18 of 25

Answer Stats

#PositionPlayerNationalityDate of Birth (age)% Correct
24Attacking MidfieldEriksenDanishFebruary 14, 1992 (age 29 years)
100%
9Centre-ForwardLukakuBelgium13 May 1993 (age 27 years)
100%
7Centre-ForwardSanchezChile19 December 1988 (age 32 years)
100%
15Left-MidfieldYoungEngland9 July 1985 (age 35 years)
100%
1GoalkeeperHandanovicSloveniaJuly 14, 1984 (age 36 years)
90%
10Centre-ForwardMartinezArgentinian22 August 1997 (age 23 years)
90%
23Central MidfieldBarellaItalyFebruary 7, 1997 (age 24 years)
80%
6Centre-Backde VrijDutchFebruary 5, 1992 (age 29 years)
80%
2Right-MidfieldHakimiMorocooNovember 4, 1998 (age 22 years)
80%
14Left-MidfieldPerisicCroasianFebruary 2, 1989 (aged 32 years)
80%
37Centre-BackSkriniarSlovakiaFebruary 11, 1995 (age 26 years)
80%
22Central MidfieldVidalChile22 May 1987 (aged 33 years)
80%
95Centre-BackBastoniItalyApril 13, 1999 (age 21 years)
70%
77Central MidfieldBrozovicCroasian16 November 1992 (age 28 years)
70%
8Central MidfieldVecinoUruguayan24 August 1991 (29 years old)
70%
33Centre-BackD'AmbrosioItaly9 September 1988 (age 32 years)
60%
5Central MidfieldGagliardiniItalyApril 7, 1994 (age 26 years)
60%
11Centre-BackKolarovSerbia10 November 1985 (age 35 years)
60%
97GoalkeeperRaduRomanian28 May 1997 (age 23 years)
60%
12Central MidfieldSensiItaly5 August 1995 (age 25 years)
60%
99Centre-ForwardPinamontiItaly19 May 1999 (age 21 years)
50%
13Centre-BackRanocchiaItalyFebruary 16, 1988 (age 33 years)
50%
27GoalkeeperPadelliItaly25 October 1985 (age 35 years)
40%
35GoalkeeperStankovicSerbianJanuary 3, 1997 (age 24 years)
40%
36Centre-BackDarmianItalyDecember 2, 1989 (age 31 years)
30%

Score Distribution

Percentile by Number Answered

Percent of People with Each Score

Your Score History

You have not taken this quiz